| Art - Music/Opera | 4 | 12.50 | 100% | 25% | 0% |
| Art - Other | 6 | 13.33 | 100% | 33% | 0% |
| Art - Painting/Sculpture | 4 | 12.50 | 75% | 50% | 0% |
| Art - Visual | 4 | 12.50 | 100% | 0% | 25% |
| Current Events/Modern World - Rest of world political | 1 | 30.00 | 100% | 100% | 100% |
| Geography - Europe | 1 | 30.00 | 100% | 100% | 100% |
| Geography - Non-U.S. Americas | 1 | 20.00 | 100% | 100% | 0% |
| History - American | 8 | 16.25 | 100% | 50% | 13% |
| History - European | 6 | 16.67 | 100% | 33% | 33% |
| History - Other | 6 | 16.67 | 100% | 50% | 17% |
| History - World | 8 | 15.00 | 100% | 38% | 13% |
| Literature - American any | 1 | 10.00 | 100% | 0% | 0% |
| Literature - American long fiction | 1 | 10.00 | 100% | 0% | 0% |
| Literature - American poetry | 3 | 6.67 | 33% | 33% | 0% |
| Literature - American short fiction | 1 | 0.00 | 0% | 0% | 0% |
| Literature - British any | 2 | 10.00 | 100% | 0% | 0% |
| Literature - British long fiction | 1 | 10.00 | 100% | 0% | 0% |
| Literature - British poetry | 3 | 13.33 | 100% | 0% | 33% |
| Literature - European any | 1 | 10.00 | 100% | 0% | 0% |
| Literature - European drama | 2 | 10.00 | 100% | 0% | 0% |
| Literature - European long fiction | 2 | 10.00 | 100% | 0% | 0% |
| Literature - European poetry | 2 | 15.00 | 100% | 0% | 50% |
| Literature - World/Misc long fiction | 4 | 10.00 | 100% | 0% | 0% |
| Literature - World/Misc poetry | 2 | 25.00 | 100% | 50% | 100% |
| Literature - World/Misc short fiction | 1 | 20.00 | 100% | 100% | 0% |
| Mythology - Americas | 1 | 20.00 | 100% | 100% | 0% |
| Mythology - Greco/Roman | 1 | 10.00 | 100% | 0% | 0% |
| Mythology - Mixed/Any | 2 | 15.00 | 100% | 50% | 0% |
| Other Academic/Cross-Category - Any | 1 | 20.00 | 100% | 100% | 0% |
| Philosophy - 20th century | 1 | 20.00 | 100% | 0% | 100% |
| Philosophy - Ancient | 1 | 20.00 | 100% | 100% | 0% |
| Philosophy - Mixed/Any | 1 | 20.00 | 100% | 100% | 0% |
| Philosophy - Pre-20th | 1 | 10.00 | 100% | 0% | 0% |
| Religion - Christianity/Judaism | 2 | 15.00 | 100% | 50% | 0% |
| Religion - Hinduism | 1 | 10.00 | 100% | 0% | 0% |
| Religion - Islam | 2 | 15.00 | 100% | 50% | 0% |
| Religion - Mixed/Any | 1 | 10.00 | 100% | 0% | 0% |
| Science - Biology | 4 | 15.00 | 75% | 50% | 25% |
| Science - Chemistry | 5 | 6.00 | 60% | 0% | 0% |
| Science - Compsci | 1 | 10.00 | 100% | 0% | 0% |
| Science - Earth | 2 | 10.00 | 50% | 50% | 0% |
| Science - Other | 3 | 26.67 | 100% | 100% | 67% |
| Science - Other/CL/Misc | 1 | 30.00 | 100% | 100% | 100% |
| Science - Physics | 3 | 16.67 | 100% | 33% | 33% |
| Social Science - Anthropology | 2 | 15.00 | 50% | 50% | 50% |
| Social Science - Economics | 2 | 20.00 | 100% | 50% | 50% |
| Social Science - Law | 1 | 10.00 | 100% | 0% | 0% |
| Social Science - Linguistics | 1 | 20.00 | 100% | 100% | 0% |
| Social Science - Psychology | 1 | 30.00 | 100% | 100% | 100% |